Questionnaire Design and Attitude Measurement (Record no. 2134)

MARC details
005 - DATE AND TIME OF LATEST TRANSACTION
control field 20250507141651.0
020 ## - INTERNATIONAL STANDARD BOOK NUMBER
International Standard Book Number 0 435 82676 X
082 ## - DEWEY DECIMAL CLASSIFICATION NUMBER
Classification number 658. 312 OPP
100 ## - MAIN ENTRY--PERSONAL NAME
Author name OPPENHEIM, A. N.
245 ## - TITLE STATEMENT
Title Questionnaire Design and Attitude Measurement
260 ## - PUBLICATION, DISTRIBUTION, ETC.
Place of publication, distribution, etc. London,
Name of publisher, distributor, etc. Heinemann,
Date of publication, distribution, etc. 1982.
300 ## - PHYSICAL DESCRIPTION
Extent ix, 298p.: ill.; figure, table.
Other physical details Index.
Dimensions 21cm.
942 ## - ADDED ENTRY ELEMENTS (KOHA)
Source of classification or shelving scheme Dewey Decimal Classification
Koha item type Books
Holdings
Date last seen Total checkouts Full call number Barcode Cost, replacement price Price effective from Koha item type Lost status Source of classification or shelving scheme Damaged status Not for loan Withdrawn status Home library Current library Shelving location Date acquired Cost, normal purchase price
05/07/2025   658. 312 OPP 0000008153 30000.00 05/07/2025 Books   Dewey Decimal Classification       College of Business Education Main Library College of Business Education Main Library General Collection 01/03/2010 10000.00